000 nam a22 a 4500
999 _c390086
_d390086
003 BLK
005 20201015124623.0
008 201015b bul|||||r ||||||| ||bul||
040 _aBLK
041 _aBUL
_cBUL
080 _aИстория на Рим (до 476 г. н. е.). Древен Рим
_b94(37)
_z94(37)
100 _aРенан, Ернест
_eпърви автор
_91299
139 _aРенан, Ернест
245 1 0 _aМарк Аврелий и краят на древния мир
_cЕрнест Ренан; прев. от фр. Кирил Христов.
257 _aFRA
260 _aПловдив
_c1898
_fПловдив : Центр. печ.
300 _a75 с.
_c25 см
380 _a9
490 _9435080
_aКолекция Редки и ценни издания
500 _aПремия на сп. Мисъл [Г. VIII]. (Цена в кумул.) : 1 лв.
650 7 _9177277
_aЦивилизация, римска - история
700 _aХристов, Кирил
_eпрев. от фр.
_91177
852 _aРб 898
_bРц
856 4 _qpdf
_u
856 4 _qpdf
_u
942 _cKNG
_n0
_s1
944 _c2020-10-15
_kВК